[Event "LNA Puma Cup"]
[Site "Argentina"]
[Date "2006.10.07"]
[Round "6"]
[White "Hase, Juan Carlos"]
[Black "Rodriguez Vila, Andres"]
[Result "1-0"]
[WhiteElo "2301"]
[BlackElo "2511"]
[PlyCount "123"]
[EventDate "2006.09.03"]
[EventType "swiss"]
[EventRounds "8"]
[EventCountry "ARG"]
[SourceTitle "EXT 2008"]
[Source "ChessBase"]
[SourceDate "2007.11.25"]
[SourceVersion "1"]
[SourceVersionDate "2007.11.25"]
[SourceQuality "1"]

1. e4 e6 2. d4 d5 3. Nc3 Bb4 4. e5 c5 5. a3 Bxc3+ 6. bxc3 Nc6 7. Nf3 Qa5 8. Qd2
f6 9. Bd3 cxd4 10. cxd4 Qxd2+ 11. Bxd2 fxe5 12. dxe5 Nge7 13. O-O O-O 14. Rfe1
h6 15. Bc3 Bd7 16. Nd4 Rf4 17. Nb3 Raf8 18. f3 b6 19. Bd2 R4f7 20. a4 a5 21. c3
Rc8 22. f4 Be8 23. Reb1 Rb8 24. g3 g5 25. Nc1 Rg7 26. Rb2 h5 27. Rab1 Nc8 28.
Ba6 N6e7 29. fxg5 Bxa4 30. Ra1 Be8 31. Rxa5 Nc6 32. Raa2 N8e7 33. Nd3 Bg6 34.
Nf4 Kf7 35. Be2 Rh7 36. Be3 h4 37. g4 Nxe5 38. Rxb6 Rxb6 39. Bxb6 Nd7 40. Be3
e5 41. Nxg6 Nxg6 42. Ra7 Ngf8 43. Bb5 Kg8 44. Bc6 h3 45. Bxd5+ Kh8 46. Be4 Rg7
47. Ra8 Re7 48. c4 Kg7 49. c5 Ne6 50. c6 Ndf8 51. Ra5 Nd4 52. Kf2 Ng6 53. Rd5
Rf7+ 54. Ke1 Ne7 55. Bxd4 exd4 56. Rxd4 Rf4 57. c7 Rxg4 58. Kd2 Rxg5 59. Rd7
Rc5 60. Rxe7+ Kf6 61. Rh7 Ke6 62. Bb7 1-0

[Event "LNA Puma Cup"]
[Site "Argentina"]
[Date "2006.10.15"]
[Round "7"]
[White "Rodriguez Vila, Andres"]
[Black "Perdomo, Leandro Daniel"]
[Result "1-0"]
[WhiteElo "2511"]
[BlackElo "2336"]
[PlyCount "77"]
[EventDate "2006.09.03"]
[EventType "swiss"]
[EventRounds "8"]
[EventCountry "ARG"]
[SourceTitle "EXT 2008"]
[Source "ChessBase"]
[SourceDate "2007.11.25"]
[SourceVersion "1"]
[SourceVersionDate "2007.11.25"]
[SourceQuality "1"]

1. e4 e5 2. Nf3 Nc6 3. Bc4 Nf6 4. d3 Be7 5. O-O O-O 6. Re1 d6 7. c3 Na5 8. Bb5
a6 9. Ba4 c5 10. Nbd2 b5 11. Bc2 Nc6 12. Nf1 Nd7 13. Ne3 Nb6 14. Nd5 Be6 15.
Nxe7+ Qxe7 16. d4 cxd4 17. cxd4 Bg4 18. d5 Nd4 19. Be3 Bxf3 20. gxf3 Nxc2 21.
Qxc2 Rac8 22. Qe2 Nc4 23. a4 b4 24. a5 Nxe3 25. fxe3 Qb7 26. Rec1 Rxc1+ 27.
Rxc1 Rc8 28. Rc4 Kf8 29. Qc2 Rxc4 30. Qxc4 Ke7 31. Kf2 Kd7 32. f4 f6 33. Ke2
Qb5 34. Qxb5+ axb5 35. Kf3 Kc7 36. Kg4 g6 37. fxe5 fxe5 38. Kg5 b3 39. Kh6 1-0

[Event "LNA Puma Cup"]
[Site "Argentina"]
[Date "2006.10.21"]
[Round "8"]
[White "Rodriguez Vila, Andres"]
[Black "Julia, Ernesto"]
[Result "1/2-1/2"]
[WhiteElo "2511"]
[BlackElo "2370"]
[PlyCount "54"]
[EventDate "2006.09.03"]
[EventType "swiss"]
[EventRounds "8"]
[EventCountry "ARG"]
[SourceTitle "EXT 2008"]
[Source "ChessBase"]
[SourceDate "2007.11.25"]
[SourceVersion "1"]
[SourceVersionDate "2007.11.25"]
[SourceQuality "1"]

1. d4 Nf6 2. Bg5 e6 3. e4 c5 4. d5 h6 5. Bxf6 Qxf6 6. Nc3 d6 7. Nf3 e5 8. Nd2
Qd8 9. Bd3 Nd7 10. a4 Be7 11. Nc4 O-O 12. h4 Nb6 13. Ne3 Rb8 14. Qh5 Kh7 15.
Nf5 Nd7 16. Qf3 Nf6 17. Ne2 g6 18. Ne3 h5 19. g3 Ng4 20. Nc3 Nxe3 21. Qxe3 Bf6
22. Be2 Bg7 23. g4 Bh6 24. Qg3 Bf4 25. Qg2 Rg8 26. Bf3 Qa5 27. Rg1 Bd7 1/2-1/2

[Event "Sao Paulo Itau Cup 10th"]
[Site "Sao Paulo"]
[Date "2006.09.23"]
[Round "1"]
[White "Rodriguez Vila, Andres"]
[Black "Cata Preta, Adriano Roberto"]
[Result "1-0"]
[WhiteElo "2511"]
[BlackElo "1923"]
[PlyCount "57"]
[EventDate "2006.09.23"]
[EventType "swiss"]
[EventRounds "9"]
[EventCountry "BRA"]
[SourceTitle "CBM 114 Extra"]
[Source "ChessBase"]
[SourceDate "2006.11.03"]
[SourceVersion "1"]
[SourceVersionDate "2006.11.03"]
[SourceQuality "1"]

1. e4 c5 2. Nc3 a6 3. g3 b6 4. Bg2 Bb7 5. Nf3 d6 6. d4 cxd4 7. Nxd4 Qc7 8. Nd5
Qd8 9. Bg5 Nd7 10. O-O Ngf6 11. Bxf6 Nxf6 12. Nxf6+ gxf6 13. Qh5 e5 14. Nf5 Qc7
15. Rad1 O-O-O 16. Rd3 Kb8 17. Rfd1 Bc8 18. Qe2 Be6 19. Ne3 Bc4 20. Nxc4 Qxc4
21. Qd2 Rd7 22. Rc3 Qb5 23. Bf1 Qa5 24. b4 Qxa2 25. Bh3 Rd8 26. Rc6 Ka7 27. Qc3
Qa4 28. Ra1 Qb5 29. Bf1 1-0

[Event "Sao Paulo Itau Cup 10th"]
[Site "Sao Paulo"]
[Date "2006.09.24"]
[Round "2"]
[White "Chang, Suzana"]
[Black "Rodriguez Vila, Andres"]
[Result "0-1"]
[WhiteElo "2085"]
[BlackElo "2511"]
[PlyCount "66"]
[EventDate "2006.09.23"]
[EventType "swiss"]
[EventRounds "9"]
[EventCountry "BRA"]
[SourceTitle "CBM 114 Extra"]
[Source "ChessBase"]
[SourceDate "2006.11.03"]
[SourceVersion "1"]
[SourceVersionDate "2006.11.03"]
[SourceQuality "1"]

1. d4 f5 2. g3 Nf6 3. Bg2 d6 4. Nf3 g6 5. O-O Bg7 6. b3 O-O 7. Bb2 c6 8. c4 Na6
9. d5 Qe8 10. Nc3 Bd7 11. Rc1 Rd8 12. Nd4 Nc7 13. Ba3 c5 14. Nc2 g5 15. f4 gxf4
16. gxf4 Kh8 17. Qd3 Rg8 18. Qh3 b5 19. b4 cxb4 20. Bxb4 bxc4 21. Kh1 Rc8 22.
Ne3 Qf7 23. Ba3 Nh5 24. Nxc4 Nb5 25. Nxb5 Bxb5 26. Qb3 Qg6 27. Qxb5 Bd4 28. Bh3
Qh6 29. Rf3 Rb8 30. Qd7 Ng3+ 31. Rxg3 Rxg3 32. Bxf5 Rbg8 33. e3 Qxf4 0-1

[Event "Sao Paulo Itau Cup 10th"]
[Site "Sao Paulo"]
[Date "2006.09.24"]
[Round "3"]
[White "Rodriguez Vila, Andres"]
[Black "Oliveira, Silvio Eduardo"]
[Result "1-0"]
[WhiteElo "2511"]
[BlackElo "2212"]
[PlyCount "93"]
[EventDate "2006.09.23"]
[EventType "swiss"]
[EventRounds "9"]
[EventCountry "BRA"]
[SourceTitle "CBM 114 Extra"]
[Source "ChessBase"]
[SourceDate "2006.11.03"]
[SourceVersion "1"]
[SourceVersionDate "2006.11.03"]
[SourceQuality "1"]

1. f4 d5 2. Nf3 Nf6 3. g3 g6 4. Bg2 Bg7 5. O-O O-O 6. d3 c5 7. Nc3 d4 8. Ne4
Nxe4 9. dxe4 Nc6 10. h3 Qc7 11. g4 b6 12. a3 Ba6 13. Qe1 Rad8 14. Kh1 c4 15. e5
f6 16. exf6 exf6 17. Qh4 Rfe8 18. Rf2 c3 19. f5 Rxe2 20. Rxe2 Bxe2 21. g5 cxb2
22. Bxb2 Bxf3 23. Bxf3 Ne5 24. Be4 fxg5 25. Qxg5 Nf7 26. Qg2 g5 27. Bd5 Qe5 28.
Be6 Bf6 29. Rd1 h6 30. Qb7 Rf8 31. Qf3 Qf4 32. Qxf4 gxf4 33. Bxd4 Bxd4 34. Rxd4
Kg7 35. Rxf4 Ng5 36. Bd7 Kf6 37. h4 Nf7 38. Be6 Ke5 39. Ra4 a5 40. Rc4 Nd6 41.
Rc6 Rb8 42. Kg2 h5 43. Kf3 Nxf5 44. Bxf5 Kxf5 45. Rh6 b5 46. Rxh5+ Kf6 47. Rc5
1-0

[Event "Sao Paulo Itau Cup 10th"]
[Site "Sao Paulo"]
[Date "2006.09.25"]
[Round "4"]
[White "Diamant, Andre"]
[Black "Rodriguez Vila, Andres"]
[Result "1-0"]
[WhiteElo "2306"]
[BlackElo "2511"]
[PlyCount "61"]
[EventDate "2006.09.23"]
[EventType "swiss"]
[EventRounds "9"]
[EventCountry "BRA"]
[SourceTitle "CBM 114 Extra"]
[Source "ChessBase"]
[SourceDate "2006.11.03"]
[SourceVersion "1"]
[SourceVersionDate "2006.11.03"]
[SourceQuality "1"]

1. c4 f5 2. Nc3 Nf6 3. g3 d6 4. Bg2 e5 5. d3 Be7 6. Nf3 O-O 7. O-O h6 8. b4 g5
9. a4 a5 10. b5 Be6 11. c5 Nbd7 12. cxd6 cxd6 13. Ba3 f4 14. Rc1 fxg3 15. hxg3
Ng4 16. Nh2 Nxh2 17. Kxh2 Nf6 18. Bh3 Bxh3 19. Kxh3 Ng4 20. Qb3+ Kg7 21. Kg2
Qe8 22. Ne4 Qh5 23. Rh1 Ne3+ 24. Kg1 Qxe2 25. Qe6 Nf5 26. Rxh6 Nxh6 27. Qxe7+
Nf7 28. Qf6+ Kh7 29. Kg2 Qh5 30. Rh1 Nh6 31. Nxg5+ 1-0

[Event "Sao Paulo Itau Cup 10th"]
[Site "Sao Paulo"]
[Date "2006.09.27"]
[Round "6"]
[White "Andrade, Roberto Luiz Costa"]
[Black "Rodriguez Vila, Andres"]
[Result "0-1"]
[WhiteElo "2266"]
[BlackElo "2511"]
[PlyCount "116"]
[EventDate "2006.09.23"]
[EventType "swiss"]
[EventRounds "9"]
[EventCountry "BRA"]
[SourceTitle "CBM 114 Extra"]
[Source "ChessBase"]
[SourceDate "2006.11.03"]
[SourceVersion "1"]
[SourceVersionDate "2006.11.03"]
[SourceQuality "1"]

1. e4 e6 2. d4 d5 3. Nc3 Bb4 4. e5 c5 5. a3 Bxc3+ 6. bxc3 Nc6 7. Nf3 Qa5 8. Bd2
Qa4 9. Qb1 c4 10. Bf4 Bd7 11. g3 O-O-O 12. Qb2 Nge7 13. Rb1 b6 14. Bh3 h6 15.
Bg2 g5 16. Bd2 Rdf8 17. O-O Ng6 18. h3 f5 19. exf6 Rxf6 20. Nh2 Rf5 21. Rbe1
Nd8 22. Bf3 Rff8 23. Re2 Ne7 24. Bg2 Be8 25. Bc1 Rhg8 26. Ng4 Bh5 27. Rfe1 Bxg4
28. hxg4 Qd7 29. Qa1 Rf6 30. a4 Nec6 31. Ba3 Rh8 32. Bc1 Nf7 33. Qb2 h5 34.
gxh5 Rxh5 35. Qb5 Nd6 36. Qb1 Rg6 37. Ba3 Ne8 38. Bc1 Nc7 39. Bf3 Rh8 40. Bg4
Qh7 41. Kg2 Rf6 42. Rg1 Kb7 43. Bxg5 Rg6 44. f4 Rxg5 45. fxg5 Qh2+ 46. Kf3 Rf8+
47. Ke3 Qh7 48. Kd2 Qg6 49. Ke1 Qxg5 50. Bh3 Rf3 51. Kd1 Rxc3 52. Qc1 Qh5 53.
Bf1 Nxd4 54. Qd2 Nxe2 55. Bxe2 Qh8 56. Ke1 d4 57. Qf4 e5 58. Qe4+ Kb8 0-1

[Event "Sao Paulo Itau Cup 10th"]
[Site "Sao Paulo"]
[Date "2006.09.28"]
[Round "7"]
[White "Rodriguez Vila, Andres"]
[Black "Tsuboi, Edson Kenji"]
[Result "1-0"]
[WhiteElo "2511"]
[BlackElo "2287"]
[PlyCount "75"]
[EventDate "2006.09.23"]
[EventType "swiss"]
[EventRounds "9"]
[EventCountry "BRA"]
[SourceTitle "CBM 114 Extra"]
[Source "ChessBase"]
[SourceDate "2006.11.03"]
[SourceVersion "1"]
[SourceVersionDate "2006.11.03"]
[SourceQuality "1"]

1. f4 d5 2. Nf3 Bg4 3. e3 Nd7 4. Be2 Bxf3 5. Bxf3 c6 6. O-O e5 7. d4 e4 8. Be2
Bd6 9. b3 Ne7 10. Qd2 O-O 11. Ba3 Bxa3 12. Nxa3 f5 13. c4 Kh8 14. Rfc1 Nf6 15.
b4 a6 16. cxd5 Nexd5 17. Nc4 Qe7 18. Rab1 g5 19. Rb3 Rg8 20. Rf1 gxf4 21. exf4
Rg7 22. Qe1 Rag8 23. g3 Ne8 24. Ne5 Nec7 25. Kh1 Ne6 26. Qa1 Rd8 27. Qb2 Ndc7
28. Rd1 Nb5 29. Bc4 Rxd4 30. Re1 Nbc7 31. g4 Rxc4 32. Nxc4 Nxf4 33. gxf5 Nh5
34. Rg1 Nf6 35. Rxg7 Qxg7 36. Qe5 Ncd5 37. Rg3 Qf8 38. Nd6 1-0

[Event "Sao Paulo Itau Cup 10th"]
[Site "Sao Paulo"]
[Date "2006.09.30"]
[Round "9"]
[White "Rodriguez Vila, Andres"]
[Black "Limp, Eduardo Thelio"]
[Result "1-0"]
[WhiteElo "2511"]
[BlackElo "2413"]
[PlyCount "55"]
[EventDate "2006.09.23"]
[EventType "swiss"]
[EventRounds "9"]
[EventCountry "BRA"]
[SourceTitle "CBM 114 Extra"]
[Source "ChessBase"]
[SourceDate "2006.11.03"]
[SourceVersion "1"]
[SourceVersionDate "2006.11.03"]
[SourceQuality "1"]

1. e4 c6 2. d4 d5 3. f3 dxe4 4. fxe4 e5 5. Nf3 Bg4 6. Bc4 Nd7 7. O-O Ngf6 8. c3
Bd6 9. Qb3 O-O 10. Qxb7 exd4 11. Qxc6 Qe7 12. cxd4 Rac8 13. Qa6 Nxe4 14. Nc3
Bxf3 15. Rxf3 Nb6 16. Bf1 Qh4 17. g3 Nxg3 18. hxg3 Bxg3 19. Qe2 Rfe8 20. Re3
Rxe3 21. Bxe3 Re8 22. Bg2 Re6 23. Bf3 Rg6 24. Kf1 Rf6 25. Bf2 Qh3+ 26. Bg2 Qd7
27. Ne4 Rf5 28. Nxg3 1-0

[Event "Corporacion del Sur-B"]
[Site "Buenos Aires"]
[Date "2006.10.02"]
[Round "1"]
[White "Labollita, Martin"]
[Black "Rodriguez Vila, Andres"]
[Result "0-1"]
[WhiteElo "2429"]
[BlackElo "2496"]
[PlyCount "67"]
[EventDate "2006.10.02"]
[EventType "tourn"]
[EventRounds "11"]
[EventCountry "ARG"]
[EventCategory "7"]
[SourceTitle "CBM 114 Extra"]
[Source "ChessBase"]
[SourceDate "2006.11.03"]
[SourceVersion "1"]
[SourceVersionDate "2006.11.03"]
[SourceQuality "1"]

1. Nf3 g6 2. e4 d6 3. c4 e5 4. d4 Nc6 5. d5 Nce7 6. c5 f5 7. cxd6 cxd6 8. Bb5+
Kf7 9. exf5 gxf5 10. Ng5+ Kg7 11. f4 Ng6 12. Nc3 exf4 13. Qd4+ Qf6 14. Qxf6+
Kxf6 15. Ne6 Bxe6 16. dxe6 N6e7 17. O-O Kxe6 18. Re1+ Kf6 19. b3 Bg7 20. Ba3
Kg6 21. Rac1 Be5 22. Ne2 a6 23. Bd3 Nd5 24. Rc2 Ngf6 25. Kf2 Ne3 26. Rc7 Nxg2
27. Rec1 f3 28. Ng3 Bd4+ 29. Kf1 Rae8 30. Rxb7 Ne3+ 31. Ke1 Nc4+ 32. Kd1 Nxa3
33. Bxa6 f2 34. Nf1 0-1

[Event "Corporacion del Sur-B"]
[Site "Buenos Aires"]
[Date "2006.10.04"]
[Round "3"]
[White "Perdomo, Leandro Daniel"]
[Black "Rodriguez Vila, Andres"]
[Result "1-0"]
[WhiteElo "2346"]
[BlackElo "2496"]
[PlyCount "93"]
[EventDate "2006.10.02"]
[EventType "tourn"]
[EventRounds "11"]
[EventCountry "ARG"]
[EventCategory "7"]
[SourceTitle "CBM 114 Extra"]
[Source "ChessBase"]
[SourceDate "2006.11.03"]
[SourceVersion "1"]
[SourceVersionDate "2006.11.03"]
[SourceQuality "1"]

1. d4 f5 2. e4 fxe4 3. Nc3 Nf6 4. Bg5 Nc6 5. d5 Ne5 6. Qe2 c6 7. O-O-O Qa5 8.
f4 Ng6 9. Bxf6 gxf6 10. Qxe4 Bh6 11. g3 O-O 12. Bc4 Kh8 13. h4 e6 14. d6 b5 15.
Bb3 Rb8 16. Nf3 c5 17. h5 Bb7 18. hxg6 Bxe4 19. Nxe4 Kg7 20. Nxc5 Rfd8 21. Nd4
Kxg6 22. Kb1 b4 23. Ne4 f5 24. Nf2 Bg7 25. Nf3 h5 26. Nd3 Rb5 27. Bc4 Rc5 28.
Bb3 Bf6 29. Rde1 Rh8 30. Nfe5+ Rxe5 31. fxe5 Bg5 32. Bc4 Qb6 33. b3 a5 34. Re2
Qd4 35. Nf2 h4 36. Rd1 Qb6 37. g4 h3 38. gxf5+ exf5 39. e6 h2 40. e7 Be3 41.
Nh3 Qd4 42. Rf1 Qc3 43. Rxh2 Kf6 44. Nf4 Bxf4 45. Rxh8 Be5 46. e8=N+ Kg5 47.
Rg8+ 1-0

[Event "Corporacion del Sur-B"]
[Site "Buenos Aires"]
[Date "2006.10.06"]
[Round "4"]
[White "Rodriguez Vila, Andres"]
[Black "Lemos, Damian"]
[Result "1/2-1/2"]
[WhiteElo "2496"]
[BlackElo "2371"]
[PlyCount "72"]
[EventDate "2006.10.02"]
[EventType "tourn"]
[EventRounds "11"]
[EventCountry "ARG"]
[EventCategory "7"]
[SourceTitle "CBM 114 Extra"]
[Source "ChessBase"]
[SourceDate "2006.11.03"]
[SourceVersion "1"]
[SourceVersionDate "2006.11.03"]
[SourceQuality "1"]

1. f4 Nf6 2. Nf3 d5 3. g3 c6 4. Bg2 Bg4 5. Ne5 Bf5 6. d3 Nbd7 7. O-O e6 8. Nxd7
Qxd7 9. Qe1 O-O-O 10. Nd2 h5 11. Nf3 Qc7 12. Bd2 Bc5+ 13. e3 Nd7 14. b4 Bd6 15.
Bc3 f6 16. e4 Bg4 17. e5 Bxf3 18. exd6 Qb6+ 19. Rf2 Bxg2 20. Kxg2 h4 21. a4
hxg3 22. hxg3 c5 23. bxc5 Qc6 24. Bb4 Nxc5 25. Bxc5 Qxc5 26. Qxe6+ Rd7 27. Re1
Qxd6 28. f5 Rhd8 29. Rf4 Qxe6 30. Rxe6 Rd6 31. Re2 Kc7 32. Kf3 d4 33. Kg4 Ra6
34. Kh5 Rxa4 35. Re7+ Rd7 36. Re8 Ra2 1/2-1/2

[Event "Corporacion del Sur-B"]
[Site "Buenos Aires"]
[Date "2006.10.07"]
[Round "5"]
[White "Alonso, Salvador"]
[Black "Rodriguez Vila, Andres"]
[Result "1/2-1/2"]
[WhiteElo "2434"]
[BlackElo "2496"]
[PlyCount "67"]
[EventDate "2006.10.02"]
[EventType "tourn"]
[EventRounds "11"]
[EventCountry "ARG"]
[EventCategory "7"]
[SourceTitle "CBM 114 Extra"]
[Source "ChessBase"]
[SourceDate "2006.11.03"]
[SourceVersion "1"]
[SourceVersionDate "2006.11.03"]
[SourceQuality "1"]

1. e4 e6 2. d4 d5 3. Nc3 Bb4 4. e5 c5 5. a3 Bxc3+ 6. bxc3 Nc6 7. Nf3 Qa5 8. Bd2
Qa4 9. Qb1 c4 10. Be2 Bd7 11. O-O O-O-O 12. Re1 f5 13. Ng5 Rf8 14. h4 h6 15.
Nh3 g6 16. g3 Nd8 17. Kg2 Ne7 18. Bd1 Rfg8 19. Qb4 Qxb4 20. cxb4 Nf7 21. c3 g5
22. hxg5 hxg5 23. f3 f4 24. g4 Ng6 25. Rh1 Nh4+ 26. Kf2 Rh6 27. Bc2 Be8 28. Rh2
Ng6 29. Rah1 Rgh8 30. Kg2 Kd7 31. Kf2 Ke7 32. Kg1 Nh4 33. Kf2 Ng6 34. Kg1
1/2-1/2

[Event "Corporacion del Sur-B"]
[Site "Buenos Aires"]
[Date "2006.10.09"]
[Round "7"]
[White "Slipak, Sergio"]
[Black "Rodriguez Vila, Andres"]
[Result "1/2-1/2"]
[WhiteElo "2445"]
[BlackElo "2496"]
[PlyCount "30"]
[EventDate "2006.10.02"]
[EventType "tourn"]
[EventRounds "11"]
[EventCountry "ARG"]
[EventCategory "7"]
[SourceTitle "CBM 114 Extra"]
[Source "ChessBase"]
[SourceDate "2006.11.03"]
[SourceVersion "1"]
[SourceVersionDate "2006.11.03"]
[SourceQuality "1"]

1. e4 e6 2. d4 d5 3. exd5 exd5 4. Bd3 Nf6 5. Ne2 Bd6 6. O-O O-O 7. Bf4 Bg4 8.
Bxd6 Qxd6 9. f3 Bh5 10. Ng3 Bg6 11. c3 c6 12. Bxg6 hxg6 13. Re1 Nbd7 14. Qd2
Rfe8 15. Na3 Rxe1+ 1/2-1/2

[Event "Corporacion del Sur-B"]
[Site "Buenos Aires"]
[Date "2006.10.11"]
[Round "9"]
[White "Disconzi da Silva, Rodrigo"]
[Black "Rodriguez Vila, Andres"]
[Result "0-1"]
[WhiteElo "2392"]
[BlackElo "2496"]
[PlyCount "96"]
[EventDate "2006.10.02"]
[EventType "tourn"]
[EventRounds "11"]
[EventCountry "ARG"]
[EventCategory "7"]
[SourceTitle "CBM 114 Extra"]
[Source "ChessBase"]
[SourceDate "2006.11.03"]
[SourceVersion "1"]
[SourceVersionDate "2006.11.03"]
[SourceQuality "1"]

1. Nf3 d6 2. e4 c5 3. d4 cxd4 4. Nxd4 Nf6 5. Nc3 g6 6. Bc4 Bg7 7. O-O O-O 8.
Re1 Nc6 9. Bg5 Qa5 10. Nxc6 bxc6 11. Qd2 Be6 12. Bb3 Rfe8 13. Rad1 Ng4 14. Na4
Qxd2 15. Rxd2 Rab8 16. f3 Ne5 17. Bxe6 fxe6 18. b3 c5 19. Be3 Rb4 20. c3 Rxa4
21. bxa4 Nc4 22. Rc2 Rb8 23. Kf1 Rb6 24. f4 Na3 25. Rcc1 Ra6 26. e5 Rxa4 27.
Kg1 Kf7 28. g3 Nb5 29. c4 Na3 30. Rc3 Nxc4 31. Bxc5 dxc5 32. Re4 Nb6 33. Rxa4
Nxa4 34. Rc4 Nb6 35. Rxc5 g5 36. Kg2 gxf4 37. gxf4 h5 38. Ra5 Nd5 39. Rxa7 Kg6
40. a4 Nxf4+ 41. Kh1 Nd5 42. a5 Bxe5 43. Rb7 Nc7 44. Rb6 Bf4 45. Rb7 e5 46.
Rb6+ Kf7 47. a6 h4 48. Rc6 e4 0-1

[Event "Corporacion del Sur-B"]
[Site "Buenos Aires"]
[Date "2006.10.12"]
[Round "10"]
[White "Contin, Daniel"]
[Black "Rodriguez Vila, Andres"]
[Result "0-1"]
[WhiteElo "2386"]
[BlackElo "2496"]
[PlyCount "82"]
[EventDate "2006.10.02"]
[EventType "tourn"]
[EventRounds "11"]
[EventCountry "ARG"]
[EventCategory "7"]
[SourceTitle "CBM 114 Extra"]
[Source "ChessBase"]
[SourceDate "2006.11.03"]
[SourceVersion "1"]
[SourceVersionDate "2006.11.03"]
[SourceQuality "1"]

1. c4 d6 2. Nc3 g6 3. g3 Bg7 4. Bg2 e5 5. b4 f5 6. Rb1 Nf6 7. d3 O-O 8. b5 Nbd7
9. Nf3 h6 10. O-O g5 11. Nd2 Qe8 12. a4 Rb8 13. a5 b6 14. Na2 Bb7 15. Nb4 Bxg2
16. Kxg2 Nc5 17. Nc6 Ra8 18. Ba3 a6 19. Bxc5 dxc5 20. e4 f4 21. f3 fxg3 22.
hxg3 Qe6 23. Rf2 g4 24. f4 exf4 25. gxf4 h5 26. Qh1 Rae8 27. Rb3 axb5 28. cxb5
Nd5 29. f5 Ne3+ 30. Kg1 Qd6 31. Nf1 Nxf1 32. Rxf1 c4 33. dxc4 Qc5+ 34. Rf2 Rxf5
35. Qg2 Rxe4 36. Qxe4 Qxf2+ 37. Kh1 Qf1+ 38. Kh2 Rf2+ 39. Kg3 Qg1+ 40. Kh4 Bf6+
41. Kxh5 Qh2+ 0-1

[Event "Corporacion del Sur-B"]
[Site "Buenos Aires"]
[Date "2006.10.13"]
[Round "11"]
[White "Rodriguez Vila, Andres"]
[Black "Zambrana, Oswaldo"]
[Result "0-1"]
[WhiteElo "2496"]
[BlackElo "2427"]
[PlyCount "100"]
[EventDate "2006.10.02"]
[EventType "tourn"]
[EventRounds "11"]
[EventCountry "ARG"]
[EventCategory "7"]
[SourceTitle "CBM 114 Extra"]
[Source "ChessBase"]
[SourceDate "2006.11.03"]
[SourceVersion "1"]
[SourceVersionDate "2006.11.03"]
[SourceQuality "1"]

1. f4 d5 2. Nf3 Nf6 3. g3 g6 4. Bg2 Bg7 5. O-O O-O 6. d3 Nc6 7. Qe1 Qd6 8. c3
Bg4 9. Nbd2 Rad8 10. e4 dxe4 11. dxe4 e5 12. Kh1 Qc5 13. Nh4 exf4 14. gxf4 Rfe8
15. e5 Nh5 16. Ne4 Qe7 17. Be3 f6 18. Qf2 fxe5 19. f5 Nf4 20. Bxf4 exf4 21.
fxg6 h6 22. Nc5 Ne5 23. Bxb7 Bh3 24. Bg2 Ng4 25. Qf3 Qxh4 26. Bxh3 Nxh2 27.
Qxf4 Qxh3 28. Qxh2 Qe3 29. Qf2 Qg5 30. Rae1 Rf8 31. Ne4 Rxf2 32. Nxg5 Rxf1+ 33.
Rxf1 hxg5 34. Rf7 Be5 35. Rf5 Bf4 36. Kg2 Rd2+ 37. Kf3 Rxb2 38. Ra5 Kg7 39. Kg4
Rc2 40. Rxa7 Rxc3 41. Ra6 Bd6 42. Kxg5 Ra3 43. Rxa3 Bxa3 44. Kf5 c5 45. Ke5
Kxg6 46. Ke4 Kf6 47. Kd5 Kf5 48. Kc4 Ke4 49. Kc3 Ke3 50. Kb3 Kd3 0-1

[Event "San Luis zt 2.5"]
[Site "San Luis"]
[Date "2007.03.20"]
[Round "2"]
[White "Duarte, Leonardo"]
[Black "Rodriguez Vila, Andres"]
[Result "0-1"]
[WhiteElo "2419"]
[BlackElo "2538"]
[PlyCount "55"]
[EventDate "2007.03.19"]
[EventType "swiss"]
[EventRounds "9"]
[EventCountry "ARG"]
[SourceTitle "CBM 117 Extra"]
[Source "ChessBase"]
[SourceDate "2007.05.09"]
[SourceVersion "1"]
[SourceVersionDate "2007.05.09"]
[SourceQuality "1"]

1. e4 e6 2. d4 d5 3. Nc3 Bb4 4. e5 c5 5. a3 Bxc3+ 6. bxc3 Nc6 7. Qg4 g6 8. a4
Qc7 9. Bd2 f5 10. Qf4 h6 11. h4 Bd7 12. Nf3 O-O-O 13. Rh3 Nge7 14. dxc5 Rdg8
15. Rg3 Nd8 16. Nd4 g5 17. hxg5 Ng6 18. Qf3 f4 19. Rh3 hxg5 20. Rxh8 Rxh8 21.
Nb5 Qxc5 22. g3 Bxb5 23. axb5 Nxe5 24. Qe2 Rh2 25. gxf4 gxf4 26. Ra4 f3 27. Qe3
Qxe3+ 28. Bxe3 0-1

[Event "San Luis zt 2.5"]
[Site "San Luis"]
[Date "2007.03.21"]
[Round "4"]
[White "Valerga, Diego"]
[Black "Rodriguez Vila, Andres"]
[Result "1-0"]
[WhiteElo "2459"]
[BlackElo "2538"]
[PlyCount "83"]
[EventDate "2007.03.19"]
[EventType "swiss"]
[EventRounds "9"]
[EventCountry "ARG"]
[SourceTitle "CBM 117 Extra"]
[Source "ChessBase"]
[SourceDate "2007.05.09"]
[SourceVersion "1"]
[SourceVersionDate "2007.05.09"]
[SourceQuality "1"]

1. e4 c5 2. Nf3 d6 3. d4 cxd4 4. Nxd4 g6 5. Nc3 Nf6 6. Be2 Bg7 7. Be3 Nc6 8.
Nb3 O-O 9. f4 a5 10. a4 Be6 11. O-O Qc8 12. Kh1 Nb4 13. Nd4 Bc4 14. Ndb5 Rd8
15. Bb6 Rd7 16. Bd3 d5 17. e5 Ne4 18. Na7 Qe8 19. Ncb5 Na6 20. Bxa5 Nec5 21.
Bxc4 dxc4 22. Qe2 Qb8 23. Bb6 c3 24. b4 Ne6 25. Qc4 g5 26. g3 gxf4 27. gxf4 Kh8
28. Qxc3 Nac7 29. Nxc7 Nxc7 30. Qh3 Rd2 31. Rad1 Rxc2 32. Qb3 Rc6 33. Nxc6 bxc6
34. Bxc7 Qxc7 35. Qxf7 Rf8 36. Qc4 Qb7 37. Qe4 Qa6 38. a5 Qb5 39. Rf3 Rg8 40.
Rg3 e6 41. Rdg1 Qb7 42. Qg2 1-0

[Event "San Luis zt 2.5"]
[Site "San Luis"]
[Date "2007.03.22"]
[Round "5"]
[White "Rodriguez Vila, Andres"]
[Black "Hobaica, Juan Pablo"]
[Result "0-1"]
[WhiteElo "2538"]
[BlackElo "2367"]
[PlyCount "62"]
[EventDate "2007.03.19"]
[EventType "swiss"]
[EventRounds "9"]
[EventCountry "ARG"]
[SourceTitle "CBM 117 Extra"]
[Source "ChessBase"]
[SourceDate "2007.05.09"]
[SourceVersion "1"]
[SourceVersionDate "2007.05.09"]
[SourceQuality "1"]

1. f4 d5 2. Nf3 g6 3. g3 Bg7 4. Bg2 Nh6 5. O-O Nf5 6. d3 d4 7. c4 c5 8. Na3 Nc6
9. Nc2 Qc7 10. Qe1 b6 11. Rb1 h5 12. a3 Bb7 13. b4 Nb8 14. bxc5 Qxc5 15. Qf2
Na6 16. Rb5 Qd6 17. Bb2 Rd8 18. Rxf5 gxf5 19. Ncxd4 Qc5 20. e3 Rg8 21. Nh4 Bxg2
22. Kxg2 Bf6 23. Ndxf5 Bxh4 24. Nxh4 Rxd3 25. Bd4 Qxc4 26. Nf3 Rxa3 27. Kg1 Ra2
28. Nd2 Qc2 29. Qf3 Qxd2 30. Qc6+ Kd8 31. Qd5+ Kc8 0-1